<?xml version="1.0" encoding="UTF-8"?><?xml-stylesheet type="text/xsl" href="static/style.xsl"?><OAI-PMH xmlns="http://www.openarchives.org/OAI/2.0/" xmlns:xsi="http://www.w3.org/2001/XMLSchema-instance" xsi:schemaLocation="http://www.openarchives.org/OAI/2.0/ http://www.openarchives.org/OAI/2.0/OAI-PMH.xsd"><responseDate>2026-04-13T02:39:36Z</responseDate><request verb="GetRecord" identifier="oai:www.recercat.cat:10256/21916" metadataPrefix="marc">https://recercat.cat/oai/request</request><GetRecord><record><header><identifier>oai:recercat.cat:10256/21916</identifier><datestamp>2024-05-22T11:31:42Z</datestamp><setSpec>com_2072_452966</setSpec><setSpec>com_2072_2054</setSpec><setSpec>col_2072_452968</setSpec></header><metadata><record xmlns="http://www.loc.gov/MARC21/slim" xmlns:dcterms="http://purl.org/dc/terms/" xmlns:xsi="http://www.w3.org/2001/XMLSchema-instance" xmlns:doc="http://www.lyncode.com/xoai" xsi:schemaLocation="http://www.loc.gov/MARC21/slim http://www.loc.gov/standards/marcxml/schema/MARC21slim.xsd">
   <leader>00925njm 22002777a 4500</leader>
   <datafield ind2=" " ind1=" " tag="042">
      <subfield code="a">dc</subfield>
   </datafield>
   <datafield ind2=" " ind1=" " tag="720">
      <subfield code="a">Cabarrocas Salvador, Arnau</subfield>
      <subfield code="e">author</subfield>
   </datafield>
   <datafield ind2=" " ind1=" " tag="260">
      <subfield code="c">2022-09-01</subfield>
   </datafield>
   <datafield ind2=" " ind1=" " tag="520">
      <subfield code="a">L’esclerosi múltiple (EM) és una malaltia neuronal crònica autoimmune, i és la causa més&#xd;
comuna de discapacitat no traumàtica en afectar als joves. El nombre d’afectats en el món&#xd;
s’estima que es troba entre 1,3 i 2,5 milions de persones. A Catalunya els afectats per la&#xd;
malaltia són més de 6.500. Aquests números estan en creixement, ja que cada any tendeixen&#xd;
en augmentar el nombre de persones afectades.&#xd;
Les tècniques convencionals de ressonància magnètica són altament sensibles en la detecció&#xd;
de plaques d’EM i poden proporcionar valors quantitatius sobre les inflamacions i lesions. En&#xd;
les imatges de ressonància magnètica, podem visualitzar aquestes lesions en forma de petites&#xd;
taques clares</subfield>
   </datafield>
   <datafield ind2=" " ind1=" " tag="520">
      <subfield code="a">Multiple sclerosis (MS) is a chronic autoimmune neuronal disease, and is the most common cause&#xd;
common non-traumatic disability affecting young people. The number of people affected in the world&#xd;
it is estimated that there are between 1.3 and 2.5 million people. In Catalonia those affected by the&#xd;
disease are more than 6,500. These numbers are growing, as they tend every year&#xd;
by increasing the number of people affected.&#xd;
Conventional MRI techniques are highly sensitive in detection&#xd;
of MS plaques and can provide quantitative values about inflammation and injury. In&#xd;
magnetic resonance images, we can visualize these lesions in the form of small&#xd;
clear spots</subfield>
   </datafield>
   <datafield ind1="8" ind2=" " tag="024">
      <subfield code="a">http://hdl.handle.net/10256/21916</subfield>
   </datafield>
   <datafield tag="653" ind2=" " ind1=" ">
      <subfield code="a">Esclerosi múltiple</subfield>
   </datafield>
   <datafield tag="653" ind2=" " ind1=" ">
      <subfield code="a">Multiple sclerosis</subfield>
   </datafield>
   <datafield tag="653" ind2=" " ind1=" ">
      <subfield code="a">Ressonància magnètica</subfield>
   </datafield>
   <datafield tag="653" ind2=" " ind1=" ">
      <subfield code="a">Magnetic resonance</subfield>
   </datafield>
   <datafield ind2="0" ind1="0" tag="245">
      <subfield code="a">Síntesi d’imatges de RM per a la millora en la segmentació de lesions d’esclerosi múltiple en imatges de ressonància magnètica.</subfield>
   </datafield>
</record></metadata></record></GetRecord></OAI-PMH>